| 000 | 01032nam a2200253 i 4500 | ||
|---|---|---|---|
| 001 | 18502 | ||
| 003 | ES-MaACL | ||
| 005 | 20250805062543.0 | ||
| 007 | t| | ||
| 008 | 020114s1888 sp |||| | spa d | ||
| 080 | _a321.01 | ||
| 080 | _a061.21(460.27) Ateneo | ||
| 100 | 1 |
_aMartos, Cristino, _d1830-1893 _978547 |
|
| 245 | 1 | 0 |
_aDiscurso leído por Don Cristino Martos el día 27 de noviembre de 1888 en el Ateneo Científico y Literario de Madrid, con motivo de la apertura de sus cátedras : _b[Concepto de la patria en los pueblos antiguos]. |
| 260 |
_aMadrid : _b[s.n.], _c1888 ( _fEst. Tip. Sucesores de Rivadeneyra) |
||
| 300 |
_a46 p. ; _c23 cm. |
||
| 530 | _aDisponible en formato digital. | ||
| 610 | 2 | 4 |
_aAteneo de Madrid- _vDiscursos de apertura- _yS.XIX. _91912 |
| 650 | 4 |
_aPolítica- _xFilosofía _916274 |
|
| 852 | 4 |
_aES-MaACL _jB-1626(7) |
|
| 852 | 4 |
_aES-MaACL _jFol-Laf-72 |
|
| 856 | 4 |
_uhttp://mdc.csuc.cat/cdm/ref/collection/fulletsAB/id/2405#dcId=1549562204706&p=1 _zAteneu Barcelonès |
|
| 999 |
_c18502 _d18502 |
||